[Event "NOR-chT Eliteserien 2021-22"]
[Site "Norway"]
[Date "2022.02.06"]
[Round "6.13"]
[White "Tari, Aryan"]
[Black "Djurhuus, Rune"]
[Result "0-1"]
[WhiteElo "2660"]
[BlackElo "2403"]
[Annotator "TA"]
[PlyCount "136"]
[EventDate "2021.10.29"]
[EventType "team-tourn"]
[EventCountry "NOR"]
[SourceTitle "playchess.com"]
[Source "ChessBase"]
[SourceQuality "1"]

{[%evp 17,136,29,25,-21,-14,-11,0,-27,-24,-25,-31,-46,-51,-54,-17,-7,-8,-54,-37,-31,-25,-37,-28,-47,-2,-8,0,-12,-12,-47,-24,-84,-76,-102,-112,-108,-96,-574,-533,-568,-595,-589,-591,-594,-587,-565,-543,-563,-581,-508,-493,-622,-640,-633,-606,-562,-587,-1175,-464,-464,-471,-498,-494,-466,-482,-672,-640,-510,-611,-656,-629,-645,-596,-634,-542,-1105,-1070,-1800,-1744,-1806,-1471,-4115,-2103,-12651,-4943,-4606,-4475,-29966,-29969,-29970,-29971,-29971,-29972,-29972,-29972,-29972,-29973,-29974,-29973,-29974,-29975,-29975,-29976,-29974,-29976,-29987,-29985,-29988,-29988,-29993,-29989,-29992,-29991,-29993,-29988,-29993,-29989,-29992,-29990,-29991,-29992]} 1. e4 e6 2. d4 d5 3. Nc3 Bb4 4. e5 c5 5. Bd2 Nc6 6. Nb5 Bxd2+ 7. Qxd2 Nxd4 8. Nxd4 cxd4 9. Nf3 Ne7 {[%cal Bg8e7,Be7c6,Bc6a7,Ba7b5,Bb5d4][%mdl 32]} 10. Bd3 {C17: French: 3 Nc3 Bb4 4 e5 c5 sidelines.} (10. Nxd4 {deserves consideration.} Nc6 11. f4) 10... Nc6 $11 11. O-O Bd7 {[#]} 12. Rae1 $146 {The position is equal.} ({Predecessor:} 12. Rfe1 h6 13. a3 Rc8 14. Qf4 O-O 15. Nxd4 Nxd4 16. Qxd4 a6 17. c3 Qe8 18. a4 {0-1 (41) Pruesse,H (2140)-Krueger,K (1937) Neubrandenburg 2004}) 12... h6 13. b4 a6 14. a3 O-O 15. Qf4 Na7 16. Nxd4 Nb5 17. h4 {Inhibits Qg5.} (17. Nxb5 $11 {was preferrable.} Bxb5 18. c4 dxc4 19. Bxc4) 17... Nxd4 18. Qxd4 Bb5 19. Re3 Rc8 20. Qg4 {Threatens to win with Rg3.} Bxd3 (20... Kh8 $15) 21. cxd3 Kh8 22. Rg3 {[%csl Gg3][%cal Rg4g7]} Rg8 23. Re1 Rc3 24. Ree3 (24. d4 $11 {keeps the balance.} Rc4 25. Rf3) 24... Qc7 $17 ({Worse is} 24... Rxa3 25. Qf4) 25. d4 Rc1+ 26. Kh2 Qc2 $1 27. Rgf3 {[%mdl 8192] This costs White the game.} (27. Qf4 $17 {is more resistant.} Qd1 28. Rg4) 27... Qd1 $19 28. Kg3 f5 29. Qg6 Qh1 30. Rf4 {[#]} Rg1 $1 {[%csl Gg1][%cal Rh1g2]} 31. Kf3 {[#]} Rc8 {Inhibits Rc3.} 32. Rd3 Rc2 33. a4 b6 34. Re3 ({And not} 34. h5 Rc8 35. Re3 Qh2 36. Rxf5 exf5 $19) 34... Qh2 {( -> ...Rf1)} 35. h5 {[#]} Rxg2 $3 {[%mdl 512]} 36. Qxg2 Qxh5+ 37. Rg4 Qxg4+ (37... fxg4+ $142 38. Kg3 Rc1) 38. Qxg4 fxg4+ 39. Kxg4 Rxf2 {[%mdl 4096] Endgame KR-KR} 40. Rc3 Rd2 41. Rc6 Rxd4+ 42. Kf3 Rxb4 43. Rxe6 Re4 44. Rxb6 Rxe5 45. Rxa6 Re4 46. a5 Ra4 47. Ke3 h5 {[%cal Bh6h5,Bh5h4][%mdl 32]} 48. Kd2 h4 49. Rg6 Rxa5 {Hoping for ...h3.} 50. Rg4 Ra2+ 51. Ke1 Rh2 52. Rg5 Kh7 {Black mates.} 53. Rxd5 Kh6 54. Kf1 g5 55. Kg1 Re2 56. Kf1 Rc2 57. Kg1 Kh5 58. Ra5 h3 59. Kh1 Kh4 60. Ra4+ g4 {[%cal Bg5g4,Bg4g3][%mdl 32]} 61. Ra1 g3 62. Rb1 Rf2 63. Ra1 Re2 64. Rb1 Kg4 65. Ra1 Rd2 66. Rb1 Kf3 67. Ra1 Ke2 68. Rg1 Rd1 {Weighted Error Value: White=0.82/Black=0.14 (very precise)} 0-1

[Event "NOR-chT Eliteserien 2021-22"]
[Site "Norway"]
[Date "2022.02.06"]
[Round "6.14"]
[White "Sjoberg, Isak"]
[Black "Urkedal, Frode Olav Olsen"]
[Result "1-0"]
[WhiteElo "2322"]
[BlackElo "2549"]
[Annotator "TA"]
[PlyCount "127"]
[EventDate "2021.10.29"]
[EventType "team-tourn"]
[EventCountry "NOR"]
[SourceTitle "playchess.com"]
[Source "ChessBase"]
[SourceQuality "1"]

{[%evp 16,127,-9,-26,-15,0,45,58,89,54,52,41,191,183,385,380,381,352,306,318,322,239,233,237,236,227,243,253,237,237,252,0,202,210,299,299,293,271,299,297,286,264,396,385,370,413,408,408,408,408,403,400,795,795,795,675,788,705,744,528,858,858,858,852,853,851,843,836,834,815,822,815,796,782,741,736,857,857,847,833,833,833,830,808,800,800,777,755,714,712,12833,12832,12832,12830,12841,12826,12826,12827,12825,12827,12827,12827,12831,12831,12832,12830,12827,12826,12837,12838,12833,12833,12840,12840]} 1. e4 c5 2. Nf3 d6 3. d4 cxd4 4. Nxd4 Nf6 5. Nc3 a6 6. Bc4 e6 7. Bb3 Nbd7 {outshines the older 7...b5.} 8. f4 Nc5 9. e5 dxe5 {B86: Sicilian Scheveningen/Najdorf: 6 Bc4, without early ...b5.} 10. fxe5 Nxb3 (10... Nfd7 $1 $11) 11. axb3 $14 Bc5 {White is slightly better.} 12. Be3 {White is more active.} Nd5 13. Nxe6 $1 $40 {[%mdl 128] White attacks.} Qh4+ (13... Bxe6 $14 14. Bxc5 Qh4+ 15. Bf2 Nxc3 16. Bxh4 Nxd1 17. Rxd1 O-O) 14. g3 $18 Nxe3 $2 (14... Bxe6 15. gxh4 Nxe3) 15. Nc7+ {[#]} (15. gxh4 Nxd1 16. Nxc5 Nxc3 $14) (15. Nxc5 Qe7 16. Qd6 Nxc2+ 17. Kf2 Nxa1 18. Rxa1 Be6 $19) 15... Ke7 $146 ({Predecessor:} 15... Kf8 16. gxh4 Ng2+ 17. Kd2 Be3+ 18. Kd3 Bf5+ 19. Kc4 Rc8 20. Qd6+ Kg8 21. N3d5 Be6 22. Kb4 Bd2+ 23. Ka3 {1-0 (23) Burrows,M (2168)-Othman,M (1912) Ascot 2014}) 16. N3d5+ ({Less strong is} 16. gxh4 Nxd1 17. N3d5+ (17. Nxa8 Ne3 $17) (17. Nxd1 Bh3 $11) (17. Rxd1 Bg4 $16) 17... Kf8 $16) 16... Kf8 17. gxh4 {The board is on fire.} Nxd1 18. Nxa8 Ne3 19. Nxe3 Bxe3 {[#] This bishop pair is nice.} 20. Rd1 $1 Ke7 {Prevents Rd8.} 21. Nc7 {Black must now prevent Nd5+.} Ba7 22. Nd5+ Ke6 23. Nc7+ $2 ({Much less strong is} 23. Rf1 Bb8 24. Rf3 b5 $18) (23. Rd2 $18) 23... Kxe5 $2 (23... Ke7 $1 $11) 24. Rd5+ Kf6 (24... Ke4 $142) 25. Rf1+ Ke7 {[#]} 26. Re5+ $1 Be6 27. Nxe6 fxe6 {[%mdl 4096] Endgame KRR-KRB} 28. Re4 {Prevents Bd4.} Rd8 (28... Bb8 {keeps fighting.} 29. Re2 Ba7) 29. Ref4 Bd4 30. Rf7+ Kd6 31. Ke2 Kc6 32. Rd1 {aiming for c3.} Rd5 33. c3 Bf6 (33... Be5 $142 34. Re7 Rxd1 35. Kxd1 Bf6 36. Rxe6+ Kc7) 34. Rxd5 {White is clearly winning.} exd5 {KR-KB} 35. h5 {[%cal Oh5h6] And now h6! would win.} h6 36. Kd3 a5 37. Rf8 b6 38. Rf7 Kc5 39. h3 Kd6 40. Rb7 Kc6 41. Ra7 Kc5 42. Ra8 Kc6 43. Re8 Kd7 44. Re2 Kd6 45. Rg2 Kc5 46. Rg4 Kb5 47. Rf4 Kc6 48. b4 a4 49. Rf5 Kd6 50. Rf1 Kc6 51. Re1 Kb5 52. Re6 d4 53. c4+ Kxb4 54. Rxb6+ Ka5 55. Rb5+ Ka6 56. Rd5 Kb6 57. Rxd4 Kc6 58. Rd5 Bxb2 59. Kc2 a3 60. Kb3 Kb6 61. Rb5+ Ka6 62. Ka2 Bc1 63. Rb1 Bb2 64. Rxb2 {Weighted Error Value: White=0.21 (precise) /Black=0.49} 1-0

[Event "NOR-chT Eliteserien 2021-22"]
[Site "Norway"]
[Date "2022.02.06"]
[Round "6.15"]
[White "Johansson, Linus"]
[Black "Tryggestad, Andreas Garberg"]
[Result "1/2-1/2"]
[WhiteElo "2473"]
[BlackElo "2273"]
[Annotator "TA"]
[PlyCount "172"]
[EventDate "2021.10.29"]
[EventType "team-tourn"]
[EventCountry "NOR"]
[SourceTitle "playchess.com"]
[Source "ChessBase"]
[SourceQuality "1"]

{[%evp 11,172,35,36,20,31,19,41,11,18,8,24,28,24,22,32,6,26,-12,-10,-18,0,-41,-18,-44,0,-27,-26,-25,-17,-44,-45,-52,-53,-59,-52,-52,-59,-52,-58,-68,-19,-20,-19,-19,-19,-19,-19,-40,-21,-37,-10,-25,-16,-63,0,0,0,-49,-42,-90,-90,-720,-49,-49,-41,-90,-90,-90,-90,-172,-188,-202,-90,-90,-90,-90,-90,-90,0,0,0,0,0,0,0,0,0,0,0,0,0,0,0,0,0,0,0,0,0,0,0,0,0,0,0,0,0,0,0,0,0,0,18,0,0,0,0,0,27,0,0,0,0,0,0,0,0,0,0,0,0,0,0,0,0,0,0,0,0,0,0,0,0,0,0,0,0,0,0,0,0,0,0,0,0,0,0,0,0,0,0,0,0]} 1. d4 Nf6 2. c4 g6 3. Nc3 d5 4. Nf3 Bg7 5. Qb3 dxc4 6. Qxc4 Be6 7. Qa4+ {D96: Grünfeld: Russian System (5 Qb3): sidelines.} Bd7 8. Qa3 {[#]} Bf5 $146 {Prevents e4.} ({Predecessor:} 8... Bc6 9. e3 Bxf3 10. gxf3 Nbd7 11. f4 O-O 12. Bg2 c6 13. O-O e6 14. Rd1 Qb6 {½-½ (64) Aronian,L (2781)-Vachier Lagrave,M (2784) chess24.com INT 2021}) 9. g3 {White is slightly better.} O-O 10. Bg2 Nc6 11. O-O {[%cal Od4d5]} a5 12. Bf4 Nb4 13. Rac1 c6 14. Be5 Bh6 15. e3 b5 16. Bxf6 (16. Ne2 $11) 16... exf6 $15 17. Nh4 Be6 (17... Bd3 $15) 18. d5 Nxd5 19. Nxd5 cxd5 20. Rfd1 Qd7 21. Bxd5 Bxd5 22. Rc5 {[#]} Rfd8 $1 {[%cal Bf8d8,Bd8d5,Bd5c5,Bc5c2,Bc2a2][%mdl 32]} 23. Rcxd5 Qxd5 24. Rxd5 Rxd5 25. Nf3 f5 (25... b4 $15 26. Qb3 Rc5) 26. Qe7 $11 Bf8 27. Qc7 Rc5 28. Qb6 b4 29. Kg2 Rc2 30. Ne5 {[#] Qb7 is the strong threat.} Re8 31. Nd7 Bg7 32. b3 (32. Qxa5 $11 Rxb2 33. Nb6) 32... h5 (32... Rd2 $15 33. Qc6 Rd8) 33. Qxa5 Bc3 34. Qb6 (34. h4 $11 {feels stronger.}) 34... Rxa2 35. h4 (35. Nf6+ $15 Bxf6 36. Qxf6) 35... Rd2 36. Qc6 {[%mdl 8192]} (36. Qc7 $17) 36... Rd8 $2 ({Black should try} 36... Rxe3 $1 $19 37. Nf6+ Bxf6 38. Qxf6 Rxb3) 37. Nb6 $15 Rb2 38. Nd7 (38. Nd5 $1 $15 {is superior.}) 38... Rxb3 $17 {Hoping for ...Ra3.} 39. Qc7 Ra8 40. Qc6 (40. Nb6 $17 {might work better.} Rf8 41. Nd5) 40... Rba3 $19 41. Nb6 R8a6 (41... R3a6 $19 {and Black stays clearly on top.} 42. Qb5 Ra5) 42. Qc8+ $17 Kg7 43. Nd5 Re6 44. Qd8 Rb3 (44... Bf6 $17 45. Nxf6 Rxf6) 45. Ne7 $11 Rxe7 $1 46. Qxe7 {[%mdl 4096] Endgame KQ-KRB} Rb2 {Threatens to win with ...b3.} 47. Qc5 Rb1 48. Qc4 Bf6 49. Qd3 Rb2 50. Qc4 Rb1 51. Qd3 Ra1 52. Qb3 Bc3 53. Qc4 Ra7 54. Qd5 Re7 55. Kf1 Re8 56. Qb5 Rd8 57. Kg2 Kf8 58. Kf1 Ke7 59. Kg2 Rd7 60. Kf1 Kd6 61. Ke2 Rc7 62. Kd3 {[%mdl 1024] White has compensation.} Rd7 63. Ke2 Kc7 64. Qc5+ Kb8 65. Qb6+ (65. Qc6 $5 {[%cal Rc6d7]} Rc7 66. Qe8+ Ka7 67. Qb5 $14) 65... Kc8 $1 {The position is equal.} 66. Qc6+ Kd8 67. Qb5 Ke7 68. Kf1 Rd2 69. Qc4 Kf6 70. Kg2 Kg7 71. Qb5 Ra2 72. Qc4 Rb2 73. Qd3 Kh6 74. Qc4 Kg7 $1 75. Qd3 Bf6 76. Qc4 Rb1 77. Qc2 Ra1 78. Qc4 Bc3 79. Qd5 Ra6 80. Qb5 Rd6 81. Qc5 Rd7 82. Qc6 Rd1 83. Qc4 Ra1 84. Qd5 Ra3 85. Qc4 Kf6 86. Qc6+ Kg7 {Weighted Error Value: White=0.25 (precise) /Black=0.29 (precise)} 1/2-1/2

[Event "NOR-chT Eliteserien 2021-22"]
[Site "Norway"]
[Date "2022.02.06"]
[Round "6.16"]
[White "Torngren, Gustav"]
[Black "Ranaldi, Lucas"]
[Result "1/2-1/2"]
[WhiteElo "2229"]
[BlackElo "2337"]
[Annotator "TA"]
[PlyCount "213"]
[EventDate "2021.10.29"]
[EventType "team-tourn"]
[EventCountry "NOR"]
[SourceTitle "playchess.com"]
[Source "ChessBase"]
[SourceQuality "1"]

{[%evp 21,213,13,18,0,1,-17,-4,-42,-18,-33,0,0,0,0,0,-4,-12,-150,-158,-154,-155,-160,-143,-187,0,-369,-158,-160,-173,-201,-203,-202,-191,-185,-204,-163,-209,-349,-243,-472,-383,-309,-352,-393,-380,-389,-340,-352,-331,-400,-366,-574,-542,-614,-595,-627,-627,-763,-725,-718,-693,-589,-671,-472,-304,-283,-300,-618,-563,-500,-306,-250,-267,-218,-108,-108,-97,-97,-97,-97,-97,-29960,-29964,-29963,-29965,-29965,0,-24,0,-29957,-29959,-29967,-29956,-29952,-29957,-29956,-29958,-29957,-24,-29968,-24,-24,-24,-36,0,-24,-24,-24,-24,-28,-28,-28,-28,-28,-8,-100,-100,-152,-8,-8,-8,-12,-16,-16,0,-16,0,-16,-16,-16,-16,-16,-16,-16,-16,-16,-16,-16,-16,-16,-8,-8,0,-24,0,-64,-24,-68,-36,-140,-24,-24,-24,-24,-24,-29971,-24,-24,-8,-8,-8,-8,-8,-8,-8,-8,-8,-8,-8,-8,0,0,0,-8,-8,-8,-8,-8,0,0,0,0,0,0,0,0,0,0,0,0,0,0,0,0]} 1. d4 Nf6 2. c4 e6 3. Nf3 d5 4. Nc3 Be7 5. Bg5 O-O 6. e3 h6 7. Bh4 b6 8. Rc1 Bb7 9. Bd3 {[%cal Bf1d3,Bd3c4,Bc4b3][%mdl 32]} dxc4 10. Bxc4 Nbd7 11. O-O a6 12. Qe2 {D58: Queen's Gambit Declined: Tartakower Defence.} b5 13. Bb3 c5 14. e4 cxd4 15. Nxd4 Ne5 16. Rfd1 {[%cal Od4e6]} Qb6 17. Bg3 Nfd7 18. Kh1 Bc5 {[#]} 19. Nxe6 $146 ({Predecessor:} 19. Nf3 Nxf3 20. Rxd7 Nd4 21. Qg4 Nc6 22. Bxe6 Nd4 23. Bd5 Bxd5 24. Nxd5 Qe6 25. Qxe6 Nxe6 {1-0 (42) Kalinitschew,S (2445)-Mikhailov,V Norilsk 1987}) 19... fxe6 $17 20. f4 {[#]} Be3 $1 21. fxe5 Bxc1 22. Rxd7 (22. Rd6 $2 Qe3 23. Qxe3 (23. Rxd7 $2 Qxe2 24. Bxe6+ Kh8 $19) 23... Bxe3 $19) (22. Rxc1 $17 {might work better.} Kh8 23. h3) 22... b4 $2 (22... Rad8 $19 23. Rd6 Rxd6 24. exd6 Bc8) 23. h4 $2 {[%mdl 8192]} Rad8 (23... bxc3 $19 {and Black stays clearly on top.} 24. Qg4 Rf1+ 25. Kh2 g5 26. bxc3 Kh8 27. Qxe6 Qxe6 28. Bxe6 Bxe4) 24. Na4 Qc6 $36 {[%mdl 2048] Black has strong initiative.} 25. Re7 Qxe4 26. Qxe4 Bxe4 27. Nc5 Bd5 (27... Rf1+ 28. Kh2 Bd5 29. Nxe6 Bxb3 30. Nxd8 Bxa2 31. e6 $15) 28. Nxe6 Bxb3 $1 (28... Bxb2 29. Kh2 $11) 29. axb3 (29. Nxd8 {was the only defense.} Bxa2 30. Ne6 (30. Nc6 $2 a5 $19) 30... Bxe6 31. Rxe6 Bxb2 32. Rxa6) 29... Rde8 30. Rxg7+ (30. Rxe8 $142 Rxe8 31. Nc7) 30... Kh8 $19 31. Rg6 Rg8 32. Rxg8+ Rxg8 {[%mdl 4096] Endgame KRB-KBN} 33. Kh2 Bxb2 34. Nc5 a5 35. Bf4 Kh7 36. Ne4 (36. e6 $142) 36... Kg6 {Threatens to win with ...Kf5.} 37. g4 Re8 38. h5+ Kg7 39. Nd6 Re6 40. Nc4 Bd4 {[%cal Oa5a4] ...a4! is the strong threat.} 41. Nxa5 Bxe5 42. Kg3 Bf6 43. Nc4 Ra6 {[%cal Oa6a3] White must now prevent ...Ra3!} 44. Nd6 $2 (44. Bc7) 44... Kh7 45. Ne4 Be7 {And now ...Ra3 would win.} 46. Kf3 Ra3 47. Nd2 Bf6 (47... Ra1 $19 {has better winning chances. Strongly threatening ...Bg5.} 48. Ke4 Rc1) 48. Ke2 $17 Bc3 {aiming for ...Bxd2.} 49. g5 Bxd2 50. Kxd2 Rxb3 {Hoping for ...Rf3. KR-KB} 51. g6+ $2 {[%mdl 8192]} (51. Kc2 $17 Rc3+ 52. Kb2) 51... Kg7 52. Be5+ Kg8 $1 53. Bf4 Kg7 $2 (53... Rh3 54. Bxh6 Rxh5 55. Be3 Rh2+ 56. Kd1 Kg7 57. Kc1 Kxg6 58. Bd4 Rh4 59. Be3 Kf6 60. Bb6 Ke6 61. Kb2 Kd6 62. Bd8 Rh7 63. Bf6 Rf7 64. Bh4 Kd5 65. Kc1 Kc4 66. Bg3 Rf3 67. Be5 Rf2 68. Bd6 Re2 69. Kd1 Re8 70. Kc1 Kc3 71. Bg3 b3 72. Kd1 Kd3 73. Kc1 Re2 74. Bd6 b2+ 75. Kb1 Kc3 76. Ka2 Re1 77. Bb4+ Kc2 78. Bxe1 b1=Q+ 79. Ka3 Qb3#) 54. Be5+ $11 Kg8 $2 {[%mdl 8192]} (54... Kf8 $11 55. Bd6+ Kg7 56. Be5+) 55. Bf4 $1 Rh3 56. Bxh6 Rh2+ 57. Kc1 Rxh5 58. Bf4 Rb5 59. Bh6 Rb6 $2 (59... b3 60. Kb2 Rb7 61. Bf4 Kg7 62. Bd6 Rb5 63. Be7 Kxg6 64. Bd6 Kf5 65. Ba3 Ke4 66. Kc3 Kd5 67. Bb2 Kc6 68. Kc4 Kb6 69. Kd3 Ka5 70. Kc4 Rb8 71. Kd4 Rd8+ 72. Ke3 Rg8 73. Ba1 Kb4 74. Kf4 Rg2 75. Ke4 Ra2 76. Bd4 Kb5 77. Kd3 Ka4 78. Bh8 Ka3 79. Ke4 Re2+ 80. Kf5 Rf2+ 81. Ke6 Rd2 82. Bc3 Rc2 83. Bd4 Rc6+ 84. Ke7 Rc7+ 85. Kf8 Rc8+ 86. Ke7 Rc4 87. Ba1 Rc2 88. Bd4 Rg2 89. Bc5+ Kb2 90. Bd4+ Kb1 91. Kf7 Rc2 92. Kg8 Rc1 93. Kf7 Rd1 94. Bh8 Rd7+ 95. Kg6 Re7 96. Kg5 Kc2 97. Bf6 Re6 98. Bg7 Re7 99. Bh8 Rh7 100. Be5 Re7 101. Bf6 Rc7 102. Ba1 Ra7 103. Bd4 Rh7 104. Kg6 Kd3 $1 {[%mdl 512]} 105. Ba1 Rh2 106. Kf6 b2 107. Bxb2 Rxb2 108. Kf5 Rb5+ 109. Ke6 Kd4 110. Kd6 Re5 111. Kc6 Rd5 112. Kb6 Rc5 113. Kb7 Kd5 114. Kb6 Kd6 115. Kb7 Rb5+ 116. Ka6 Kc6 117. Ka7 Ra5+ 118. Kb8 Ra6 119. Kc8 Ra8#) 60. Be3 $2 {[%mdl 8192]} (60. Kb2 $11) 60... Re6 $2 (60... Rxg6 {mates} 61. Bd2 Rg1+ 62. Kb2 Rg2 63. Kc1 b3 64. Be3 Rc2+ 65. Kb1 Kf7 66. Bd4 Ke6 67. Bg7 Kd5 68. Ba1 Re2 69. Bh8 Kc5 70. Bf6 Kc4 71. Ka1 Ra2+ 72. Kb1 Rf2 73. Bg7 b2 74. Ka2 Rg2 75. Bf6 Rh2 76. Bg7 Rf2 77. Bh8 Rf8 78. Bg7 Rf2 79. Bh8 Rf8 80. Bg7 Rf2) 61. Bd4 Rd6 62. Be5 Re6 63. Bd4 Re4 64. Bf6 Re2 65. g7 Kf7 66. Bd4 Rg2 67. Bc5 b3 68. Bf8 (68. Bd4 $1 $11) 68... Ke6 69. Bb4 {[#]} Kd5 ({Inferior is} 69... Rxg7 70. Kb2 $11) ({Black should try} 69... Rc2+ $1 $17 70. Kb1 Kf7) 70. Bc3 Kc4 71. Bf6 Kb4 72. Kb1 Kc4 73. Kc1 Kb4 74. Kb1 Rg1+ 75. Kb2 Kc4 76. Be5 Rg2+ 77. Kb1 Kd5 78. Bf6 Ke6 79. Bd4 Kf5 80. Kc1 Rc2+ ({Not} 80... Ke6 $2 81. Kb1 $19) 81. Kb1 Rg2 82. Kc1 Ke6 83. Kb1 $1 Kd6 84. Kc1 (84. Bc3 $11 Ke6 85. Bd4) 84... Kc6 85. Bc3 (85. Kb1 $15 Kd5 86. Bf6) 85... Kb5 (85... Kd5 $17 86. Bb2 Kd6) 86. Be5 Kb4 {( -> ...Ka3)} 87. Kb1 Ka3 {[%cal Rg2g1]} 88. Bd6+ Ka4 89. Be5 b2 90. Ka2 {The position is equal.} Kb4 91. Bxb2 Ka4 92. Kb1 Kb3 93. Bd4 $1 Kc4 94. Bf6 Kd3 95. Kc1 Rc2+ 96. Kb1 Rg2 97. Kc1 Rg6 98. Kb2 Rg1 99. Kb3 Rb1+ 100. Ka4 Rb8 101. Be7 {Intending Bf8 and mate.} Kc4 {[%cal Rb8a8]} 102. Ka5 Rg8 103. Bf8 Kd5 104. Kb4 Ke6 105. Kc5 Kf7 106. Kd6 Rxg7 107. Bxg7 {Weighted Error Value: White=0.69/Black=0.75} 1/2-1/2

[Event "NOR-chT Eliteserien 2021-22"]
[Site "Norway"]
[Date "2022.02.06"]
[Round "6.17"]
[White "Kvisla, Johannes Luangtep"]
[Black "Nordquelle, Daniel"]
[Result "0-1"]
[WhiteElo "2212"]
[BlackElo "2130"]
[Annotator "ChessBase"]
[PlyCount "136"]
[EventDate "2021.10.29"]
[EventType "team-tourn"]
[EventCountry "NOR"]
[SourceTitle "playchess.com"]
[Source "ChessBase"]
[SourceQuality "1"]
[TimeControl "40/5400+30:1800+30"]

1. d4 {[%emt 0:00:03]} d5 {[%emt 0:00:10]} 2. c4 {[%emt 0:00:05]} e6 {[%emt 0:00:11]} 3. cxd5 {[%emt 0:00:05]} exd5 {[%emt 0:00:05]} 4. Nc3 {[%emt 0:00:06]} c6 {[%emt 0:00:16]} 5. Qc2 {[%emt 0:00:06]} g6 {[%emt 0:00:37]} 6. Nf3 {[%emt 0:00:16]} Bf5 {[%emt 0:01:24]} 7. Qb3 {[%emt 0:00:10]} Qb6 {[%emt 0:02:11]} 8. Bf4 {[%emt 0:00:39]} Qxb3 {[%emt 0:12:08]} 9. axb3 {[%emt 0:00:23]} Nd7 {[%emt 0:00:15]} 10. e3 {[%emt 0:00:30]} Ngf6 {[%emt 0:01:26]} 11. h3 {[%emt 0:03:58]} Bb4 {[%emt 0:08:53]} 12. Nd2 {[%emt 0:00:35]} O-O {[%emt 0:02:28]} 13. g4 {[%emt 0:00:38]} Be6 {[%emt 0:00:15]} 14. Bg2 {[%emt 0:03:41]} Rfe8 {[%emt 0:02:08]} 15. O-O {[%emt 0:00:36]} h5 {[%emt 0:07:59]} 16. f3 {[%emt 0:05:30]} hxg4 {[%emt 0:11:50]} 17. hxg4 {[%emt 0:00:15]} Nh7 {[%emt 0:11:33]} 18. Kf2 {[%emt 0:02:43]} Bf8 {[%emt 0:04:23]} 19. Rh1 {[%emt 0:01:38]} Bg7 {[%emt 0:01:55]} 20. b4 {[%emt 0:06:35]} g5 {[%emt 0:05:08]} 21. Bd6 {[%emt 0:00:42]} f5 {[%emt 0:07:55]} 22. gxf5 {[%emt 0:04:44]} Bxf5 {[%emt 0:00:04]} 23. Nb3 {[%emt 0:01:46]} Re6 {[%emt 0:02:45]} 24. Bg3 {[%emt 0:02:17]} Nhf6 {[%emt 0:02:01]} 25. Nc5 {[%emt 0:14:04]} Nxc5 {[%emt 0:00:31]} 26. bxc5 {[%emt 0:00:03]} Rf8 {[%emt 0:07:42]} 27. Rxa7 {[%emt 0:01:44]} Bd3 {[%emt 0:00:42]} 28. Bd6 {[%emt 0:03:13]} Ng4+ {[%emt 0:05:21]} 29. Kg3 {[%emt 0:01:08]} Nxe3 {[%emt 0:00:05]} 30. Bxf8 {[%emt 0:01:58]} Nf5+ {[%emt 0:00:51]} 31. Kh2 {[%emt 0:00:59]} Kxf8 {[%emt 0:01:08]} 32. Rd1 {[%emt 0:06:52]} Rh6+ {[%emt 0:01:00]} 33. Bh3 {[%emt 0:00:06]} Bc2 {[%emt 0:00:17]} 34. Re1 {[%emt 0:02:20]} Nh4 {[%emt 0:01:05]} 35. Kg3 {[%emt 0:00:47]} Bxd4 {[%emt 0:00:42]} 36. Rxb7 {[%emt 0:01:54]} Ng6 {[%emt 0:00:31]} 37. Ra1 {[%emt 0:04:55]} Ne7 {[%emt 0:00:31]} 38. Kg2 {[%emt 0:07:29]} Bxc5 {[%emt 0:00:19]} 39. Nxd5 {[%emt 0:02:50]} cxd5 {[%emt 0:00:33]} 40. Rc1 {[%emt 0:00:34]} g4 {[%emt 0:00:13]} 41. Bxg4 {[%emt 0:34:34]} Bd6 {[%emt 0:01:46]} 42. Kg1 {[%emt 0:00:00]} Bh2+ {[%emt 0:14:11]} 43. Kg2 {[%emt 0:00:00]} Bf4 {[%emt 0:01:51]} 44. Re1 {[%emt 0:00:00]} Rh7 {[%emt 0:00:24]} 45. Rd7 {[%emt 0:00:00]} Ba4 {[%emt 0:06:59]} 46. Rd8+ {[%emt 0:00:00]} Kf7 {[%emt 0:00:26]} 47. Ra8 {[%emt 0:00:00]} Rh2+ {[%emt 0:03:00]} 48. Kg1 {[%emt 0:00:00]} Bb5 {[%emt 0:00:03]} 49. Be6+ {[%emt 0:00:06]} Kg7 {[%emt 0:01:34]} 50. Ra7 {[%emt 0:06:45]} Kf6 {[%emt 0:00:54]} 51. Rxe7 {[%emt 0:05:04]} Kxe7 {[%emt 0:00:06]} 52. Bxd5+ {[%emt 0:00:05]} Kf6 {[%emt 0:07:27]} 53. Re4 {[%emt 0:03:05]} Bc7 {[%emt 0:00:00]} 54. Bc4 {[%emt 0:04:10]} Bd7 {[%emt 0:00:00]} 55. Re2 {[%emt 0:01:22]} Rh4 {[%emt 0:00:00]} 56. b3 {[%emt 0:00:15]} Bb6+ {[%emt 0:00:00]} 57. Kg2 {[%emt 0:00:07]} Rh7 {[%emt 0:00:05]} 58. Rd2 {[%emt 0:01:23]} Rg7+ {[%emt 0:00:39]} 59. Kf1 {[%emt 0:00:37]} Ke5 {[%emt 0:00:30]} 60. Ke2 {[%emt 0:02:09]} Kf4 {[%emt 0:00:28]} 61. Rd6 {[%emt 0:00:34]} Bc5 {[%emt 0:00:34]} 62. Rf6+ {[%emt 0:00:15]} Ke5 {[%emt 0:00:14]} 63. Ra6 {[%emt 0:00:30]} Rg2+ {[%emt 0:00:17]} 64. Ke1 {[%emt 0:00:53]} Bb4+ {[%emt 0:00:34]} 65. Kf1 {[%emt 0:00:14]} Rb2 {[%emt 0:00:19]} 66. Rh6 {[%emt 0:01:14]} Kf4 {[%emt 0:00:21]} 67. Rh7 {[%emt 0:00:59]} Bf5 {[%emt 0:00:32]} 68. Rh4+ {[%emt 0:00:25]} Kg3 {[%emt 0:00:42]} 0-1